Hoja de servicios del General Joaquín Crespo / (Record no. 156993)

MARC details
000 -LEADER
campo de control de longitud fija 00733nam a22001815i 4500
001 - NÚMERO DE CONTROL
campo de control 156993
003 - IDENTIFICADOR DE NÚMERO DE CONTROL
campo de control ES-MaACL
005 - FECHA Y HORA DE LA ÚLTIMA TRANSACCIÓN
campo de control 20230906210542.0
008 - DATOS DE LONGITUD FIJA--INFORMACIÓN GENERAL
campo de control de longitud fija 990121s1893 ve a |||| | spa d
040 ## - FUENTE DE CATALOGACIÓN
Centro catalogador/agencia de origen CCPB | B
Lengua de catalogación spa
Centro/agencia transcriptor CCPB | B
100 1# - ENTRADA PRINCIPAL--NOMBRE DE PERSONA
Nombre de persona Landaeta Rosales, Manuel.
9 (RLIN) 128652
245 10 - MENCIÓN DEL TÍTULO
Título Hoja de servicios del General Joaquín Crespo /
Mención de responsabilidad, etc. formada por Manuel Landaeta Rosales.
260 ## - PUBLICACIÓN, DISTRIBUCIÓN, ETC.
Lugar de publicación, distribución, etc. Caracas :
Nombre del editor, distribuidor, etc. [s.n.],
Fecha de publicación, distribución, etc. 1893 (
Fabricante Imprenta Bolívar)
300 ## - DESCRIPCIÓN FÍSICA
Extensión 58, [1] p., [1] h. de lám. ;
Dimensiones 30 cm.
599 ## - NOTA A LAS ILUSTRACIONES
NOTA A LAS ILUSTRACIONES La h. de lám. es una fot. del General Joaquín Crespo.
600 14 - PUNTO DE ACCESO ADICIONAL DE MATERIA--NOMBRE DE PERSONA
Nombre de persona Crespo, Joaquín-
Subdivisión de forma Biografías.
9 (RLIN) 126638
852 ## - LOCALIZACIÓN
Ubicación ES-MaACL
Número de control de estantería T-786-F-6
Nota libre -- Enc. hol., conservando la cub. original
-- -- Enc. en un vol. facticio
Holdings
Estatus retirado Estado de pérdida Estado de daño No para préstamo Colección Biblioteca de origen Biblioteca actual Ubicación en estantería Fecha de adquisición Total de préstamos Signatura topográfica completa Código de barras Visto por última vez Precio de reemplazo Tipo de ítem Koha
        Colección de folletos Biblioteca del Ateneo de Madrid Biblioteca del Ateneo de Madrid Depósito folletos 17/01/2008   T-786-F-6 1164259 23/02/2023 23/02/2023 Folleto